|
|
|
|
| LEADER |
00000nab a2200000 a 4500 |
| 001 |
vtls000919509 |
| 003 |
SK-MaSNL |
| 005 |
20260304083051.0 |
| 008 |
040720e19930330xo 0 slo |
| 035 |
|
|
|a KE28386
|
| 040 |
|
|
|a KEVKJB
|b slo
|c KEVKJB
|e AACR2
|
| 041 |
0 |
|
|a slo
|
| 044 |
|
|
|a xo
|c SK
|
| 080 |
|
|
|a 628.474
|2 1981
|
| 245 |
0 |
0 |
|a Odpad namiesto audezitu
|
| 650 |
0 |
7 |
|a komunálny odpad
|2 KEVKJB
|9 3934
|
| 650 |
0 |
7 |
|a skládky
|2 KEVKJB
|9 301291
|
| 650 |
0 |
7 |
|a preplnenie
|2 KEVKJB
|9 1373102
|
| 650 |
0 |
7 |
|a problémy vzniklé
|2 KEVKJB
|9 880985
|
| 651 |
|
7 |
|a Košice (Slovensko)
|2 KEVKJB
|9 18694
|
| 655 |
|
7 |
|a periodikum
|2 snkbucl
|9 29553
|
| 773 |
0 |
8 |
|t Lúč
|g Roč. 2, č.74, 30.3.1993, s. 3
|
| 852 |
|
|
|a ZVYKNI
|b KIS3GCP
|
| 999 |
|
|
|c 2799421
|d 2801351
|